| 000 | 00633nam a22001815i 4500 | ||
|---|---|---|---|
| 001 | 161681 | ||
| 003 | ES-MaACL | ||
| 005 | 20251116063110.0 | ||
| 008 | 041022s1873 sp |||| | spa d | ||
| 040 |
_aCAM _bspa _cCAM |
||
| 080 | _a821.134.2-14"18" | ||
| 100 | 1 |
_aPeñaranda Carlos, _d1848-1908 _9131101 |
|
| 245 | 1 | 0 |
_aIndecisiones _b: poesias y cantares / _cCarlos Peñaranda. |
| 260 |
_aSevilla : _b[s.n.], _c1873 ( _fImp. de Gironés y Ordoña) |
||
| 300 |
_a165 p. ; _c16 cm. |
||
| 852 |
_aES-MaACL _jT-211-F-9 _z-- Enc. hol. _q-- Falto de la cub. original _z-- Enc. en un vol. facticio |
||
| 999 |
_c161681 _d161681 |
||